Woodwind instruments and their history
Gardado en:
| Autor Principal: | |
|---|---|
| Formato: | Libro |
| Idioma: | inglés |
| Publicado: |
Londres
Faber and Faber
1968
|
| Edición: | 3a. ed |
| Subjects: | |
| Tags: |
Engadir etiqueta
Sen Etiquetas, Sexa o primeiro en etiquetar este rexistro!
|
MARC
| LEADER | 00000nam a2200000 a 4500 | ||
|---|---|---|---|
| 001 | UCN2720 | ||
| 003 | CL-VaPUC | ||
| 008 | 010531e19680000UK |||||||||||||||||eng|d | ||
| 082 | 0 | 4 | |a 788.2 |b BAI |2 21 |
| 100 | 0 | |a Baines, Anthony |e author |9 458862 | |
| 245 | 1 | 0 | |a Woodwind instruments and their history |
| 250 | |a 3a. ed | ||
| 300 | |a 384 p | ||
| 942 | |c BK | ||
| 945 | |d 20010531 00:00:00 |a crobeson | ||
| 260 | |a Londres |b Faber and Faber |c 1968 | ||
| 650 | 0 | |a Instrumentos de viento de madera |9 458863 | |
| 650 | 0 | |a Instrumentos de viento |9 373984 | |
| 650 | 0 | |a Instrumentos musicales |9 306600 | |
| 650 | 0 | |a Organología |9 306545 | |
| 583 | |a last modification |c 20010531 00:00:00 |k Rodrigo Vera | ||
| 999 | |c 295775 |d 295773 | ||
| 952 | |0 0 |1 0 |4 0 |6 788_200000000000000_BAI_1968 |7 0 |8 R |9 349120 |a BIBEDU |b BIBEDU |d 2019-11-20 |i 1185829 |o 788.2 BAI 1968 |p 1185829 |r 2022-01-17 |w 2019-11-20 |y BK_R |k MUS | ||